<?xml version="1.0" encoding="UTF-8"?>
<record
    xmlns:xsi="http://www.w3.org/2001/XMLSchema-instance"
    xsi:schemaLocation="http://www.loc.gov/MARC21/slim http://www.loc.gov/standards/marcxml/schema/MARC21slim.xsd"
    xmlns="http://www.loc.gov/MARC21/slim">

  <leader>01234nam a2200157   4500</leader>
  <controlfield tag="008">720.71 R345r</controlfield>
  <datafield tag="020" ind1=" " ind2=" ">
    <subfield code="a">9789930541516</subfield>
  </datafield>
  <datafield tag="082" ind1=" " ind2=" ">
    <subfield code="a">720.71</subfield>
    <subfield code="b">R345r</subfield>
  </datafield>
  <datafield tag="100" ind1=" " ind2=" ">
    <subfield code="a">TEOR/&#xE9;Tica</subfield>
    <subfield code="9">6029</subfield>
  </datafield>
  <datafield tag="245" ind1=" " ind2=" ">
    <subfield code="a">(re) HABITAR</subfield>
  </datafield>
  <datafield tag="260" ind1=" " ind2=" ">
    <subfield code="a">Cartago</subfield>
    <subfield code="b">Instituto Tecnol&#xF3;gico de Costa Rica</subfield>
    <subfield code="c">2019</subfield>
  </datafield>
  <datafield tag="300" ind1=" " ind2=" ">
    <subfield code="a">200 p.</subfield>
    <subfield code="b">il.</subfield>
    <subfield code="c">25,5 x 20 cm</subfield>
  </datafield>
  <datafield tag="505" ind1=" " ind2=" ">
    <subfield code="t">Introducci&#xF3;n. El edificio, la vida dom&#xE9;stica (Registro visual desarrollado a lo largo de toda la publicaci&#xF3;n)</subfield>
    <subfield code="r">Marco Gamboa</subfield>
    <subfield code="t">I. Interior dom&#xE9;stico</subfield>
    <subfield code="r">Taller Habitar</subfield>
    <subfield code="t">II. Arquitectura de la ciudad</subfield>
    <subfield code="t">Contra la homogeneizaci&#xF3;n: Barrios Am&#xF3;n y Otoya como zona de significaci&#xF3;n cultural </subfield>
    <subfield code="t">III. Cohabitar</subfield>
    <subfield code="t">Narrativa Proceso</subfield>
    <subfield code="r">&#xA1;UPE!, TEOR/&#xE9;Tica</subfield>
    <subfield code="t">De lo que nos cuesta hablar</subfield>
    <subfield code="r">&#xA1;UPE!, TEOR/&#xE9;Tica</subfield>
    <subfield code="t">&#xBF;C&#xF3;mo se convive con el comercio sexual en Barrio Am&#xF3;n? Parte 2</subfield>
    <subfield code="r">Conversaci&#xF3;n con Natalia Porras</subfield>
    <subfield code="t">&#xBF;C&#xF3;mo ser parte de la ciudad, si nunca hemos sido parte de ella?</subfield>
    <subfield code="r">Luis Herra</subfield>
    <subfield code="t">Ciudades Hospitalarias</subfield>
    <subfield code="r">Luis Dur&#xE1;n </subfield>
    <subfield code="t">IV. Espacio</subfield>
    <subfield code="t">La felicidad es social </subfield>
    <subfield code="r">Carolina Hern&#xE1;ndez </subfield>
    <subfield code="t">Cr&#xE9;ditos y Agradecimientos </subfield>
  </datafield>
  <datafield tag="650" ind1=" " ind2=" ">
    <subfield code="x">arquitectura</subfield>
    <subfield code="x">espacio com&#xFA;n</subfield>
    <subfield code="x">Barrio</subfield>
    <subfield code="x">cohabitaci&#xF3;n</subfield>
    <subfield code="x">Am&#xF3;n, Bariio</subfield>
    <subfield code="x">Otoya, Barrio</subfield>
    <subfield code="x">comercio sexual</subfield>
    <subfield code="x">arquitectura - sociedad</subfield>
    <subfield code="9">7297</subfield>
  </datafield>
  <datafield tag="700" ind1=" " ind2=" ">
    <subfield code="a">Semillas: Arquitectura en comunidad</subfield>
    <subfield code="9">7298</subfield>
  </datafield>
  <datafield tag="999" ind1=" " ind2=" ">
    <subfield code="c">1896</subfield>
    <subfield code="d">1896</subfield>
  </datafield>
  <datafield tag="952" ind1=" " ind2=" ">
    <subfield code="0">0</subfield>
    <subfield code="1">0</subfield>
    <subfield code="2">ddc</subfield>
    <subfield code="4">0</subfield>
    <subfield code="7">0</subfield>
    <subfield code="a">LV</subfield>
    <subfield code="b">LV</subfield>
    <subfield code="c">Pensamiento</subfield>
    <subfield code="d">2020-03-04</subfield>
    <subfield code="l">0</subfield>
    <subfield code="o">720.71 R345r</subfield>
    <subfield code="p">003718</subfield>
    <subfield code="r">2020-03-04 00:00:00</subfield>
    <subfield code="w">2020-03-04</subfield>
    <subfield code="y">01</subfield>
    <subfield code="z">Incluye desplegable adjunto al libro</subfield>
  </datafield>
  <datafield tag="952" ind1=" " ind2=" ">
    <subfield code="0">0</subfield>
    <subfield code="1">0</subfield>
    <subfield code="2">ddc</subfield>
    <subfield code="4">0</subfield>
    <subfield code="7">0</subfield>
    <subfield code="a">LV</subfield>
    <subfield code="b">LV</subfield>
    <subfield code="c">Pensamiento</subfield>
    <subfield code="d">2020-03-04</subfield>
    <subfield code="l">0</subfield>
    <subfield code="o">720.71 R345r</subfield>
    <subfield code="p">002407</subfield>
    <subfield code="r">2020-03-04 00:00:00</subfield>
    <subfield code="w">2020-03-04</subfield>
    <subfield code="y">01</subfield>
    <subfield code="z">Incluye un desplegable adjunto al libro</subfield>
  </datafield>
</record>
